000 00305pam a2200133 a 4500
020 _c
041 _aeng
082 _a657.45
_bHOM
100 _aHomilton seymous .
245 _aA Communication audit hand book
_hTextual Documents
260 _aLondon :
_bPitman .
300 _aX 197 pg.
930 _a2358
999 _c79282
_d79282